| 000 | 00866cab a2200241 4500 | ||
|---|---|---|---|
| 001 | WB3140-22 | ||
| 008 | 090401t1995 xxu||||| |||| 00| 0 eng d | ||
| 035 | _a(Sirsi) u9107 | ||
| 041 | _aeng | ||
| 245 | _aCommercial property database launched | ||
| 260 | _c1995 | ||
| 350 | _a0 | ||
| 490 |
_aBirmingham Post _v26 October 1995, 24(1) |
||
| 520 | _aA database designed to match premises farmers would be willing to make available for business and businesses searching for such locations is being prepared after a survey revealed there is a demand for such a service. | ||
| 650 | _aALTERNATIVE USE | ||
| 650 | _aCOMMERCIAL PROPERTY DATABASE | ||
| 650 | _aFARM DIVERSIFICATION | ||
| 650 | _aRURAL BUSINESS | ||
| 690 | _aPROPERTY-COMMERCIAL PROPERTY | ||
| 690 | _aMANAGEMENT-BUSINESS MANAGEMENT-INFORMATION MANAGEMENT | ||
| 942 | _n0 | ||
| 948 | _c04/03/1997 | ||
| 999 |
_c5645 _d5645 |
||